Ženy slova /
Není to proto, že by ženy nepsaly. Aby stvořily díla, která si stále zaslouží pozornost, musely odložit vařečky a vystoupit z rolí manželek a matek. Spisovatelky 19. a 20. století tvořily navzdory společenskému očekávání, životním útrapám i žárlivým manželům. Oblíbená autorka Jana Poncarová představ...
Uloženo v:
| Hlavní autor: | |
|---|---|
| Médium: | E-kniha |
| Jazyk: | Czech |
| Vydáno: |
Praha :
Albatros Media a.s.,
2026
|
| Tagy: |
Žádné tagy |
| LEADER | 01510nam a22002297i 4500 | ||
|---|---|---|---|
| 001 | 303237 | ||
| 007 | ta | ||
| 008 | 260518s2026 xr ||||| |||| 00| 0 cze d | ||
| 020 | |a 9788026760757 | ||
| 044 | |a xr | ||
| 100 | 1 | |a Poncarová, Jana |4 aut | |
| 245 | 1 | 0 | |a Ženy slova / |c Poncarová, Jana |
| 264 | 1 | |a Praha : |b Albatros Media a.s., |c 2026 | |
| 300 | |a 1 online zdroj (296 stran) | ||
| 336 | |a text |b txt |2 rdacontent | ||
| 337 | |a bez média |b n |2 rdamedia | ||
| 338 | |a online zdroj |b cr |2 rdacarrier | ||
| 520 | 2 | |a Není to proto, že by ženy nepsaly. Aby stvořily díla, která si stále zaslouží pozornost, musely odložit vařečky a vystoupit z rolí manželek a matek. Spisovatelky 19. a 20. století tvořily navzdory společenskému očekávání, životním útrapám i žárlivým manželům. Oblíbená autorka Jana Poncarová představuje intimní portréty osmi spisovatelek, na které školní osnovy zapomněly: F. Háj, Felix Téver, Růžena Svobodová, Amálie Kutinová, Vlasta Javořická, Olga Barényi, Marie Majerová a Popelka Biliánová. | |
| 910 | |a RBIT002 | ||
| 998 | |d 427081 |a https://core.palmknihy.cz/api/books/427081/cover?tey8tc |b https://core.palmknihy.cz/api/books/427081/cover/400?tey8tc |c https://core.palmknihy.cz/api/books/427081/cover/50?tey8tc |e 2035-12-31 |g 296 |i 9788026760757 |j https://core.palmknihy.cz/api/books/427081/preview.epub |k https://core.palmknihy.cz/api/books/427081/preview.pdf |l |q 49 |r 1 |s https://www.palmknihy.cz/kniha/427081 |t ebook |y 2026 |z 1 | ||
| 999 | |d 303235 | ||